000 01034nam a22003371aa4500
001 22592
003 CZ PrNK
005 20260401143719.0
007 tu
008 030717m19671968xo a c 000 1 slo
020 _q(Váz.)
040 _aABA001
_bcze
_dABA001
041 1 _aslo
_hger
072 7 _a821.112.2-3
_xNěmecká próza, německy psaná
_2Konspekt
080 _a821.112.2-31
_2MRF
080 _a(0:82-311.3)
_2MRF
100 1 _aMay, Karl,
_d1842-1912
_4aut
245 1 0 _aOld Surehand /
_cKarl May
250 _a1. vyd.
260 _aBratislava :
_bMladé letá,
_c1967-1968
300 _a2 sv. (331, 378 s.) :
_bil. ;
_c21 cm
490 1 _aStopy
500 _a"Z nemeckého orig. prel., uprav. a vysvetlivkami dopl. Teofil Ušák ; ilustroval František Šesták"--Tiráž
655 7 _adobrodružné romány
_2czenas
655 7 _aněmecké romány
_2czenas
700 1 _aŠesták, František
_4ill
700 1 _aUšák, Teofil,
_d1922-1999
_4trl
830 0 _aStopy
910 _aABA001
942 _2ddc
_cKLDO
_n0
999 _c22592
_d22592